Lehrbuch der theoretischen Physik /

Hlavní autor: Joos, Georg, 1894-1959
Jazyk: Němčina
Vydáno: Leipzig : Akademische Verlagsgesellschaft, 1934
Vydání: 2. Auflage
Témata:
Fyzický popis: xvi, 676 stran : ilustrace
Knihy
Uloženo v:
LEADER 00811nam a22002532i 4500
001 001486016
003 CZ BrMZK
005 20160308145732.0
007 ta
008 150828s1934 gw a er|||||||||||ger d
040 |a ABB029  |b cze  |d BOA001  |e rda 
100 1 |a Joos, Georg,  |d 1894-1959  |7 xx0091533  |4 aut 
245 1 0 |a Lehrbuch der theoretischen Physik /  |c Georg Joos 
250 |a 2. Auflage 
264 1 |a Leipzig :  |b Akademische Verlagsgesellschaft,  |c 1934 
300 |a xvi, 676 stran :  |b ilustrace 
336 |a text  |b txt  |2 rdacontent 
337 |a bez média  |b n  |2 rdamedia 
338 |a svazek  |b nc  |2 rdacarrier 
655 7 |a monografie  |7 fd132842  |2 czenas 
910 |a BOA001  |b 2-0269.170 
990 |a BK 
991 |b 201508 
996 7 |b 2618711027  |c 2-0269.170  |l MZK  |r Sklad / do 24 hodin  |n 0  |w 001521159  |u 000010  |a 1  |e BOA001  |j MZK50  |s A